- Borev, Ju. B.: A tragikumról. Moszkva, 1961. 391 p.

Elmentve itt :
Bibliográfiai részletek
Szerző: Garai László
Adatforrás:Philobibl
Forrásdokumentuma:Magyar Filozófiai Szemle 9
1965/2., 338-343. p.
Dokumentumtípus: Cikk
Nyelv:magyar
LEADER 00378nab a2200109 c 4500
001 bibDOK00007485
005 20200924120328.7
008 060518s1965 hu hun
100 1 |a Garai László 
245 1 0 |a - Borev, Ju. B.: A tragikumról. Moszkva, 1961. 391 p.  |c Garai László 
500 |a A könyv sajtó alatt a Kossuth Kiadónál 
773 0 |t Magyar Filozófiai Szemle 9  |g 1965/2., 338-343. p.